| 000 | 00984nam a22002297a 4500 | ||
|---|---|---|---|
| 010 | _a1617CH-EN B-701227 | ||
| 020 |
_a9789387775785 _c475.00 |
||
| 035 | _aB-647243-273 | ||
| 035 | _aB-701227 | ||
| 035 | _aB-666078 | ||
| 037 |
_aDPL _bVariety/Ven. |
||
| 082 | _a507.8 | ||
| 100 | _aKapoor, Rashmi | ||
| 245 | _a51 science experiments / | ||
| 260 |
_aNew Delhi _bAkashdeep Pub. _c2016 |
||
| 270 |
_a1/1079 E, Mehrauli, _bNew Delhi _e110030 |
||
| 300 |
_a122p. _c25cm(Hb) |
||
| 942 |
_2ddc _cCH _mKAP _h507.8 |
||
| 999 |
_c100978 _d100978 |
||